Słodkie rzeczy - Statystyki

Ogólne statystyki
  • Ten quiz został rozwiązany 46 razy
  • Średni wynik to 12 z 35
Statystyki odpowiedzi
Odpowiedź % Poprawnych
cukier
98%
czekolada
79%
ciasto
76%
lizak
74%
żelki
69%
lód
60%
cukierek
55%
batonik
50%
ciastko
48%
sok
45%
tort
45%
galaretka
38%
miód
38%
budyń
36%
kisiel
33%
pączek
33%
dżem
31%
karmel
31%
gofr
29%
jogurt
29%
naleśnik
29%
bita śmietana
26%
drożdżówka
26%
wata cukrowa
24%
wino
19%
landrynka
17%
lukier
17%
cukier puder
14%
deser
14%
marmolada
14%
oranżada
12%
muffinka
10%
shake
10%
słodzik
7%
kompot
5%
Nie znaleziono quizów pasujących do podanych kryteriów
Rozkład punktacji
Procent ludzi z każdym wynikiem
Percentyl według liczby udzielonych odpowiedzi
Twoja historia wyników
Nie rozwiązałeś tego quizu